Türkei EM 2021 Kader - Statistiken

Allgemein
  • Dieses Quiz wurde 422 mal gespielt
  • Das Durchschnittsergebnis liegt bei 18 aus 30
Antwortstatistiken
Hint Antwort % Korrekt
ST - LOSC Lille Burak Yilmaz
91%
IV - Juventus Merih Demiral
87%
IV - Leicester City Caglar Söyüncü
85%
TW - Fenerbahce Altay Bayindir
83%
ZOM - AC Milan Hakan Calhanoglu
83%
TW - Trabzonspor Ugurcan Cakir
82%
LV - Besiktas Ridvan Yilmaz
76%
RV - LOSC Lille Zeki Celik
76%
IV - FC Liverpool Ozan Kabak
74%
RM/RF - Leicester City Cengiz Ünder
71%
MS - LOSC Lille Yusuf Yazici
71%
LM/LF - Galatasaray Kerem Aktürkoglu
69%
ST - FC Getafe Enes Ünal
67%
TW - Basaksehir Mert Günok
66%
ZM - Feyenoord Orkun Kökcü
65%
IV - UC Sassuolo Kaan Ayhan
64%
RV - UC Sassuolo Mert Müldür
63%
ZM - Fenerbahce Irfan Can Kahveci
58%
ST - Fortuna Düsseldorf Kenen Karaman
58%
ZM - Fenerbahce Ozan Tufan
50%
ZDM - West Bromwich Albion Okay Yokuslu
47%
ZOM - Trabzonspor Abdülkadir Ömür
46%
LV - AC Le Havre Umut Meras
45%
ZDM - Galatasaray Taylan Antalyali
44%
ST - Galatasaray Halil Dervisoglu
41%
RMRF - Alanyaspor Efecan Karaca
37%
RM/RF - Göztepe Halil Akbunar
34%
TW - Rizespor Gökhan Akkan
27%
ZDM - Basaksehir Mehmut Tekdemir
27%
ZM - Besiktas Dorukhan Toköz
19%
Keine übereinstimmenden Quizze gefunden
Verteilung der Resultate
Anzahl Personen mit jedem Resultat
Perzentil nach korrekt beantworteten Fragen
Ihre Resultats-Entwicklung
Sie haben dieses Quiz noch nicht gespielt